000 00645nam a2200253Ia 4500
001 32079
005 20240114001552.0
007 ta
008 060819s1376 a g b000 u 346 u
040 _aCotton College,Assam
041 _a346
082 _a891.443
_bD 26 P
100 _aDas, Amarendra .
245 0 _aPutali Bai /
_cAmarendra Das.
_hTextual Documents
250 _a1st ed. /
260 _aCalcutta :
_bBiswas Publishing House ,
_c1376.
300 _a127p. :
_bill ;
_c22cm .
653 _aBengali Fiction
653 _aG-Bengali
942 _2ddc
_cBK
999 _c32061
_d32061